Postavenie komunít v trvalo udržateľnom rozvoji

Koncept trvalo udržateľného rozvoja. Charakteristika a úloha prírodného a sociálneho kapitálu a ich interakcia so spoločenskými a ekologickými systémami. Vnútorná štruktúra a správanie trvalo udržateľných komunít. Stratégie a nástroje pre trvalo udržateľné komunity. Zlepšenie miestneho blahobytu pro...

ver descrição completa

Na minha lista:
Detalhes bibliográficos
Autor principal: Švihlová, Dana
Formato: Capítulo de Livro
Idioma:eslovaco
Assuntos:
Tags: Adicionar Tag
Sem tags, seja o primeiro a adicionar uma tag!

MARC

LEADER 00000naa$a2200000$$$4500
001 0052234
005 20231107114804.1
041 0 |a slo 
044 |a CZ 
245 1 0 |a Postavenie komunít v trvalo udržateľnom rozvoji  |c Dana Švihlová 
520 |a Koncept trvalo udržateľného rozvoja. Charakteristika a úloha prírodného a sociálneho kapitálu a ich interakcia so spoločenskými a ekologickými systémami. Vnútorná štruktúra a správanie trvalo udržateľných komunít. Stratégie a nástroje pre trvalo udržateľné komunity. Zlepšenie miestneho blahobytu prostredníctvom ekonomickej sebestačnosti. Zabezpečenie ekologickej udržateľnosti. 
610 2 0 |a rozvoj trvalo udržateľný 
610 2 0 |a kapitál sociálny 
610 2 0 |a prostredie prírodné 
610 2 0 |a blahobyt 
610 2 0 |a spoločnosť 
610 2 0 |a potreby osobné 
100 1 |a Švihlová, Dana